[Event "Hillerod-ch A"]
[Site "Hillerod"]
[Date "2022.05.15"]
[Round "1"]
[White "Kuhn, Morten"]
[Black "Ramkilde, Mikael"]
[Result "1-0"]
[WhiteElo "1824"]
[BlackElo "1893"]
[PlyCount "85"]
[EventDate "2022.05.15"]
[EventType "tourn"]
[EventRounds "5"]
[EventCountry "DEN"]
[SourceTitle "EXT 2024"]
[Source "ChessBase"]
[SourceDate "2023.10.10"]
[SourceVersion "1"]
[SourceVersionDate "2023.10.10"]
[SourceQuality "1"]

1. d4 Nf6 2. Nf3 g6 3. g3 b5 4. Bg2 Bb7 5. 0-0 Bg7 6. a4 b4 7. c4 a5 8. Nbd2 0-0 9. Qc2 Na6 10. e4 d6 11. Nh4 Nd7 12. Nb3 c5 13. d5 Nc7 14. Be3 Bc8 15. Rad1 Nb6 16. Nd2 Bg4 17. f3 Bd7 18. b3 Qe8 19. Rde1 Qc8 20. f4 Ne8 21. Ndf3 Rb8 22. e5 Bg4 23. Bd2 Bh3 24. Bxh3 Qxh3 25. Ng5 Qg4 26. Kg2 Qc8 27. e6 f5 28. g4 fxg4 29. Nxh7 Nf6 30. Nxf8 Qxf8 31. Nxg6 Qe8 32. f5 Nxa4 33. bxa4 b3 34. Qb1 Qxa4 35. Nxe7+ Kf8 36. Nc6 Qxc4 37. Nxb8 Qxd5+ 38. Kg1 g3 39. Re2 Ng4 40. e7+ Ke8 41. Qe4 Bd4+ 42. Kg2 Ne3+ 43. Rxe3 1-0

[Event "Hillerod CC-ch Mester"]
[Site "Hillerod"]
[Date "2020.01.21"]
[Round "3"]
[White "Pedersen, Carsten1111"]
[Black "Kuhn, Morten"]
[Result "1-0"]
[WhiteElo "1909"]
[BlackElo "1886"]
[PlyCount "97"]
[EventDate "2019.12.10"]
[EventType "tourn"]
[EventRounds "7"]
[EventCountry "DEN"]
[SourceTitle "EXT 2021"]
[Source "ChessBase"]
[SourceDate "2020.10.23"]
[SourceVersion "1"]
[SourceVersionDate "2020.10.23"]
[SourceQuality "1"]

1. d4 Nf6 2. c4 d6 3. Nc3 g6 4. e4 Bg7 5. Nf3 0-0 6. Be2 c6 7. 0-0 Nbd7 8. Bg5 h6 9. Be3 e5 10. d5 cxd5 11. cxd5 Ng4 12. Bd2 Nc5 13. b4 Nd7 14. h3 Ngf6 15. Rc1 a5 16. a3 axb4 17. axb4 Nb8 18. Be3 Kh7 19. Nd2 Ng8 20. Nc4 Na6 21. Nb6 Rb8 22. Qb3 f5 23. f3 Bd7 24. Nb5 Be8 25. Rc2 fxe4 26. fxe4 Rxf1+ 27. Bxf1 Nf6 28. Bd3 Nxe4 29. Bxe4 Bxb5 30. Qb1 Be8 31. Rf2 Qh4 32. Rf3 Rd8 33. Bf2 Qh5 34. Rg3 Bf6 35. Rf3 Bh4 36. g3 Be7 37. g4 Qg5 38. Be3 Qh4 39. Kh2 h5 40. Bxg6+ Kg7 41. gxh5 Qxb4 42. Qg1 Kh8 43. Rg3 Bh4 44. Rg4 Qb2+ 45. Kh1 Bf6 46. Nc4 Qe2 47. Bxe8 Rxe8 48. Nxd6 Qf3+ 49. Kh2 1-0

[Event "Hillerod Vinhuset Stoltz op"]
[Site "Hillerod"]
[Date "2019.10.08"]
[Round "5"]
[White "Kuhn, Morten"]
[Black "Vedant, Kumar Saravana"]
[Result "1-0"]
[WhiteElo "1887"]
[BlackElo "1831"]
[PlyCount "89"]
[EventDate "2019.09.24"]
[EventType "swiss"]
[EventRounds "7"]
[EventCountry "DEN"]
[SourceTitle "EXT 2021"]
[Source "ChessBase"]
[SourceDate "2020.10.23"]
[SourceVersion "1"]
[SourceVersionDate "2020.10.23"]
[SourceQuality "1"]

1. e4 e5 2. Nf3 Nc6 3. Bc4 Bc5 4. c3 Nf6 5. b4 Bb6 6. d3 d6 7. 0-0 h6 8. Nbd2 0-0 9. Re1 Re8 10. Nf1 Bg4 11. h3 Bh5 12. Ng3 Bg6 13. a4 a5 14. b5 Ne7 15. Qb3 Qd7 16. Nh4 Rf8 17. Bb2 Kh7 18. Rad1 Nh5 19. Ne2 Qe8 20. g4 Nf6 21. Ng3 h5 22. g5 Nd7 23. d4 f6 24. Bc1 c6 25. Kg2 Qd8 26. Be2 Bf7 27. Qc2 g6 28. gxf6 Ng8 29. dxe5 Nxe5 30. Bg5 Be6 31. f4 Nf7 32. e5 Nh8 33. Rxd6 Qc8 34. Bxh5 Qe8 35. Rxe6 Qf7 36. Rd6 Bc5 37. e6 Qe8 38. f7 Nxf7 39. Qxg6+ Kh8 40. Bf6+ Nxf6 41. Qxf6+ Kh7 42. Bg6+ Kg8 43. exf7+ Qxf7 44. Bxf7+ Rxf7 45. Qg5+ 1-0

[Event "Hillerod-chB"]
[Site "Hillerod"]
[Date "2019.05.21"]
[Round "5"]
[White "Kuhn, Morten"]
[Black "Steenstrup, Svend"]
[Result "1/2-1/2"]
[WhiteElo "1796"]
[BlackElo "1964"]
[PlyCount "97"]
[EventDate "2019.04.23"]
[EventType "tourn"]
[EventRounds "7"]
[EventCountry "DEN"]
[SourceTitle "EXT 2020"]
[Source "ChessBase"]
[SourceDate "2019.10.17"]
[SourceVersion "1"]
[SourceVersionDate "2019.10.17"]
[SourceQuality "1"]

1. e4 g6 2. d4 c5 3. Nf3 Bg7 4. Nc3 cxd4 5. Nxd4 Nc6 6. Be3 Nf6 7. f3 0-0 8. Qd2 d5 9. Nxc6 bxc6 10. e5 Nd7 11. f4 f6 12. Nxd5 Nxe5 13. Nb4 Ng4 14. Qxd8 Rxd8 15. Bc5 Kf7 16. h3 Nh6 17. Nxc6 Rd7 18. Bc4+ e6 19. Bb5 Rd5 20. b4 a5 21. c4 Rd3 22. Ke2 Rg3 23. Kf2 Rc3 24. Nxa5 Rc2+ 25. Kf3 Rc3+ 26. Be3 Nf5 27. Rhe1 Nd4+ 28. Kf2 f5 29. Bxd4 Bxd4+ 30. Kf1 Rc2 31. Rad1 Rf2+ 32. Kg1 Rxf4+ 33. Rxd4 Rxd4 34. a4 Bd7 35. Nc6 Bxc6 36. Bxc6 Rc8 37. Bb5 Rd2 38. a5 Rb2 39. Bd7 Rd8 40. Bxe6+ Kf6 41. Bd5 Rxb4 42. Ra1 Rd7 43. Bc6 Ra7 44. Bb5 Ke5 45. a6 f4 46. Rd1 h6 47. Rd2 g5 48. Kf2 Rb3 49. Rd8 1/2-1/2

[Event "DEN-ch Kort 1-1"]
[Site "Svendborg"]
[Date "2019.04.15"]
[Round "5"]
[White "Kuhn, Morten"]
[Black "Sonderskov, Per"]
[Result "1/2-1/2"]
[WhiteElo "1796"]
[BlackElo "1747"]
[PlyCount "164"]
[EventDate "2019.04.13"]
[EventType "swiss"]
[EventRounds "5"]
[EventCountry "DEN"]
[SourceTitle "EXT 2020"]
[Source "ChessBase"]
[SourceDate "2019.10.17"]
[SourceVersion "1"]
[SourceVersionDate "2019.10.17"]
[SourceQuality "1"]

1. e4 d5 2. exd5 Nf6 3. c4 e6 4. dxe6 Bxe6 5. Nf3 Nc6 6. Be2 Bc5 7. d3 Qd7 8. 0-0 Rd8 9. Be3 Qe7 10. Bxc5 Qxc5 11. Nbd2 Qb6 12. Qb3 Bf5 13. Qc3 0-0 14. Rfd1 Rfe8 15. Bf1 a5 16. a3 a4 17. b4 Nd4 18. Nxd4 Qxd4 19. Qxd4 Rxd4 20. Nf3 Rd6 21. Nh4 Bg4 22. f3 Be6 23. g4 Red8 24. Be2 Rd4 25. Ng2 g5 26. Ne3 Re8 27. Kf2 h5 28. h3 Rf4 29. Ng2 Rd4 30. Ke1 Nd7 31. Rac1 Ne5 32. Rc3 b5 33. cxb5 Bb3 34. Rxb3 axb3 35. Kd2 hxg4 36. hxg4 Red8 37. Kc3 b2 38. Ne1 R4d5 39. Kxb2 Rxb5 40. d4 Rbd5 41. Nc2 Nc6 42. Kc3 Kf8 43. b5 Ne7 44. Bc4 R5d6 45. Rd3 Nd5+ 46. Bxd5 Rxd5 47. Kc4 R5d6 48. Nb4 Ke8 49. Nc6 Ra8 50. Kb4 Kd7 51. Ne5+ Ke6 52. a4 Rb8 53. Kc4 Ra8 54. Ra3 f5 55. gxf5+ Kxf5 56. a5 Ke6 57. a6 Rb6 58. Nc6 Kd6 59. d5 Rf8 60. Re3 Rf4+ 61. Nd4 Rb8 62. a7 Ra8 63. Ra3 Ke5 64. Kc5 Rxd4 65. Re3+ Kf4 66. Kxd4 Rxa7 67. Rc3 Rb7 68. Kc5 g4 69. fxg4 Kxg4 70. Re3 Kf4 71. Re7 Kf5 72. Kc6 Rb6+ 73. Kxc7 Rxb5 74. d6 Rb1 75. Re2 Rc1+ 76. Kd8 Kf6 77. Re7 Ra1 78. Rc7 Ke6 79. d7 Kd6 80. Rc8 Rh1 81. Ke8 Rh8+ 82. Kf7 Rh7+ 1/2-1/2

[Event "Hillerod CC-ch Gr1"]
[Site "Hillerod"]
[Date "2019.03.19"]
[Round "6"]
[White "Jensen, Torben W"]
[Black "Kuhn, Morten"]
[Result "0-1"]
[WhiteElo "1640"]
[BlackElo "1783"]
[PlyCount "74"]
[EventDate "2019.01.08"]
[EventType "tourn"]
[EventRounds "7"]
[EventCountry "DEN"]
[SourceTitle "EXT 2021"]
[Source "ChessBase"]
[SourceDate "2020.10.23"]
[SourceVersion "1"]
[SourceVersionDate "2020.10.23"]
[SourceQuality "1"]

1. e4 g6 2. d4 Bg7 3. c3 d6 4. Nf3 e6 5. h3 Ne7 6. Be3 Nd7 7. Qd2 h6 8. Bd3 b6 9. Qc2 0-0 10. Nbd2 Bb7 11. 0-0 c5 12. Rad1 Rc8 13. Qb1 f5 14. exf5 exf5 15. Bf4 Nf6 16. dxc5 bxc5 17. Rfe1 d5 18. Be5 Qb6 19. c4 Ne4 20. cxd5 c4 21. Nxe4 Bxe5 22. Nxe5 fxe4 23. Bxe4 Rxf2 24. Kh1 Rxb2 25. Qc1 Nf5 26. Bxf5 gxf5 27. Rf1 c3 28. Qf4 Qf6 29. Ng4 Qg6 30. Nxh6+ Kh7 31. Ng4 fxg4 32. Rde1 Bxd5 33. Re7+ Kg8 34. Rg1 Rxg2 35. Rxg2 gxh3 36. Qf7+ Bxf7 37. Rxg6+ Bxg6 0-1

[Event "Hillerod CC-ch Gr1"]
[Site "Hillerod"]
[Date "2019.01.08"]
[Round "1"]
[White "Damm, Henrik"]
[Black "Kuhn, Morten"]
[Result "1/2-1/2"]
[WhiteElo "1615"]
[BlackElo "1783"]
[PlyCount "56"]
[EventDate "2019.01.08"]
[EventType "tourn"]
[EventRounds "7"]
[EventCountry "DEN"]
[SourceTitle "EXT 2021"]
[Source "ChessBase"]
[SourceDate "2020.10.23"]
[SourceVersion "1"]
[SourceVersionDate "2020.10.23"]
[SourceQuality "1"]

1. c4 e5 2. Nc3 Nc6 3. g3 f5 4. Bg2 Nf6 5. d3 Bc5 6. Be3 Nd4 7. Bg5 c6 8. Nf3 Ne6 9. Qd2 h6 10. Bxf6 Qxf6 11. e3 Bd6 12. 0-0-0 Rb8 13. d4 e4 14. Ne5 0-0 15. Bxe4 Bxe5 16. dxe5 Qxe5 17. f4 Qc5 18. Bd3 b5 19. cxb5 cxb5 20. Kb1 b4 21. Na4 Qa5 22. b3 Bb7 23. Rhe1 Bc6 24. Nb2 d5 25. Bc2 Nc5 26. Qd4 Rb6 27. Bd3 Rfb8 28. Rc1 Nxd3 1/2-1/2

[Event "Skjold Burne Hillerod op"]
[Site "Hillerod"]
[Date "2018.10.02"]
[Round "4"]
[White "Kuhn, Morten"]
[Black "Ramkilde, Mikael"]
[Result "1/2-1/2"]
[WhiteElo "1797"]
[BlackElo "1916"]
[PlyCount "58"]
[EventDate "2018.09.25"]
[EventType "swiss"]
[EventRounds "7"]
[EventCountry "DEN"]
[SourceTitle "EXT 2020"]
[Source "ChessBase"]
[SourceDate "2019.10.17"]
[SourceVersion "1"]
[SourceVersionDate "2019.10.17"]
[SourceQuality "1"]

1. e4 e6 2. d4 d5 3. Nd2 Nf6 4. e5 Nfd7 5. Bd3 c5 6. c3 Nc6 7. Ne2 f6 8. exf6 Nxf6 9. 0-0 Qb6 10. Nf3 Bd6 11. dxc5 Bxc5 12. b4 Bd6 13. Qc2 e5 14. Bf5 0-0 15. Ng5 e4 16. Bxc8 Raxc8 17. Be3 Qc7 18. g3 Qd7 19. Kg2 Qf5 20. b5 Ne5 21. Nd4 Qg6 22. Nge6 Nf3 23. Nxf8 Rxf8 24. Ne6 Qg4 25. Nd4 Nh4+ 26. Kh1 Nf3 27. Kg2 Nh4+ 28. Kh1 Nf3 29. Kg2 Nh4+ 1/2-1/2

[Event "Hillerod CC-chA"]
[Site "Hillerod"]
[Date "2018.02.20"]
[Round "4"]
[White "Oland, Arne"]
[Black "Kuhn, Morten"]
[Result "0-1"]
[WhiteElo "1882"]
[BlackElo "1828"]
[PlyCount "104"]
[EventDate "2018.01.02"]
[EventType "tourn"]
[EventRounds "7"]
[EventCountry "DEN"]
[SourceTitle "EXT 2020"]
[Source "ChessBase"]
[SourceDate "2019.10.17"]
[SourceVersion "1"]
[SourceVersionDate "2019.10.17"]
[SourceQuality "1"]

1. Nf3 d5 2. d4 e6 3. Bf4 Nf6 4. e3 Be7 5. Ne5 Nbd7 6. Nd3 c5 7. dxc5 Nxc5 8. Nxc5 Bxc5 9. Nd2 a6 10. Bd3 0-0 11. 0-0 b5 12. c3 Re8 13. Nb3 Bf8 14. Bg5 h6 15. Bh4 e5 16. Qe2 e4 17. Bc2 Bg4 18. Qxg4 Nxg4 19. Bxd8 Rexd8 20. Rfd1 b4 21. cxb4 Bxb4 22. Rd4 Bd6 23. h3 Nf6 24. Rd2 Rab8 25. Bd1 Be5 26. Rc1 Rb6 27. Nd4 Bxd4 28. exd4 Kf8 29. Rc5 e3 30. Rdc2 Ne4 31. Rc8 exf2+ 32. Kf1 Rxc8 33. Rxc8+ Ke7 34. b3 Rb4 35. Bf3 Rxd4 36. Bxe4 dxe4 37. Kxf2 Rd2+ 38. Ke3 Rxg2 39. Kxe4 Rxa2 40. Rc7+ Ke8 41. Kd4 Rd2+ 42. Ke4 Rd6 43. h4 Rb6 44. Rc3 Rb4+ 45. Kd5 Rxh4 46. Kd6 Rd4+ 47. Kc5 Re4 48. Rg3 g5 49. Kd5 Re6 50. Rg1 Rg6 51. Ke5 g4 52. Kf5 g3 0-1

[Event "Hillerod Skjold Burne op"]
[Site "Hillerod"]
[Date "2017.10.31"]
[Round "4"]
[White "Kuhn, Morten"]
[Black "Cort Maleeva Hansen, Andreas Philip"]
[Result "1-0"]
[WhiteElo "1844"]
[BlackElo "1298"]
[PlyCount "65"]
[EventDate "2017.10.03"]
[EventType "swiss"]
[EventRounds "4"]
[EventCountry "DEN"]
[SourceTitle "EXT 2024"]
[Source "ChessBase"]
[SourceDate "2023.10.10"]
[SourceVersion "1"]
[SourceVersionDate "2023.10.10"]
[SourceQuality "1"]

1. e4 e6 2. d4 d5 3. Nd2 c5 4. Ngf3 a6 5. c3 Nc6 6. a3 b5 7. Bd3 Bb7 8. e5 Qb6 9. Nf1 cxd4 10. cxd4 b4 11. a4 Rc8 12. Ng3 Na5 13. 0-0 Ne7 14. Ne2 b3 15. Bd2 Nec6 16. Bc3 Be7 17. Rc1 0-0 18. Bb1 Rc7 19. h4 h5 20. Qd3 g6 21. Nf4 f5 22. Nxe6 Nxe5 23. Nxe5 Qxe6 24. Bxa5 Rxc1 25. Rxc1 Bxh4 26. Qxb3 Bg5 27. Re1 Ba8 28. Qg3 Be7 29. Nxg6 Qf7 30. Rxe7 Qf6 31. Nxf8+ Kxf8 32. Bb4 Qh6 33. Qb8# 1-0

[Event "Hillerod-ch A"]
[Site "Hillerod"]
[Date "2017.05.16"]
[Round "3"]
[White "Stald, Flemming"]
[Black "Kuhn, Morten"]
[Result "0-1"]
[WhiteElo "1926"]
[BlackElo "1861"]
[PlyCount "78"]
[EventDate "2017.05.02"]
[EventType "tourn"]
[EventRounds "7"]
[EventCountry "DEN"]
[SourceTitle "EXT 2023"]
[Source "ChessBase"]
[SourceDate "2022.10.05"]
[SourceVersion "1"]
[SourceVersionDate "2022.10.05"]
[SourceQuality "1"]

1. d4 Nf6 2. Nf3 e6 3. Bf4 c5 4. e3 d5 5. c3 Nc6 6. Bd3 Nh5 7. Bg3 Nxg3 8. hxg3 g6 9. Nbd2 c4 10. Bc2 f5 11. b3 cxb3 12. axb3 Bg7 13. g4 fxg4 14. Nh2 g3 15. fxg3 Qg5 16. Nhf1 0-0 17. Nf3 Qe7 18. Nh4 Qf6 19. Qe2 e5 20. 0-0-0 e4 21. g4 Qg5 22. Rd2 Bxg4 23. Qb5 Ne7 24. g3 Rac8 25. c4 b6 26. Ng2 Bf3 27. Rg1 Bxg2 28. Rdxg2 Bxd4 29. Re2 Bc3 30. Bxe4 Rc5 31. Bxd5+ Nxd5 32. Qd7 Nb4 33. Rh1 h6 34. Reh2 Bg7 35. Qe6+ Kh8 36. Rd2 Ra5 37. Kd1 Bc3 38. Rd7 Ra1+ 39. Ke2 Re1# 0-1

[Event "Hillerod CC-chA"]
[Site "Hillerod"]
[Date "2017.03.21"]
[Round "8"]
[White "Ramkilde, Mikael"]
[Black "Kuhn, Morten"]
[Result "1-0"]
[WhiteElo "1979"]
[BlackElo "1890"]
[PlyCount "71"]
[EventDate "2016.11.29"]
[EventType "tourn"]
[EventRounds "9"]
[EventCountry "DEN"]
[SourceTitle "EXT 2018"]
[Source "ChessBase"]
[SourceDate "2017.10.13"]
[SourceVersion "1"]
[SourceVersionDate "2017.10.13"]
[SourceQuality "1"]

1. e4 d5 2. exd5 Qxd5 3. Nc3 Qd6 4. d4 c6 5. Nf3 Nf6 6. g3 Bg4 7. Bg2 Bxf3 8. Qxf3 e6 9. Bf4 Qxd4 10. 0-0 Na6 11. Rad1 Qc5 12. Rfe1 Be7 13. a3 Nd5 14. Ne4 Qxc2 15. Rd2 Qa4 16. Nd6+ Bxd6 17. Bxd6 0-0-0 18. Re4 Qb5 19. Bf1 Qb6 20. Be5 Nc5 21. Rc4 Nb3 22. Rd3 Na5 23. Rc1 f6 24. Bd4 Qc7 25. b4 e5 26. Be3 Nxe3 27. Rxd8+ Rxd8 28. Qxe3 Rd4 29. Qc3 h5 30. bxa5 a6 31. Bg2 h4 32. gxh4 Rxh4 33. Rd1 f5 34. Bh3 g6 35. Qg3 Rh7 36. Bxf5+ 1-0

[Event "Hillerod CC-chA"]
[Site "Hillerod"]
[Date "2017.01.10"]
[Round "4"]
[White "Oland, Arne"]
[Black "Kuhn, Morten"]
[Result "1-0"]
[WhiteElo "1897"]
[BlackElo "1890"]
[PlyCount "97"]
[EventDate "2016.11.29"]
[EventType "tourn"]
[EventRounds "9"]
[EventCountry "DEN"]
[SourceTitle "EXT 2018"]
[Source "ChessBase"]
[SourceDate "2017.10.13"]
[SourceVersion "1"]
[SourceVersionDate "2017.10.13"]
[SourceQuality "1"]

1. f4 d5 2. e3 g6 3. Nf3 Bg7 4. Nc3 c5 5. Be2 Nc6 6. 0-0 e5 7. fxe5 Nxe5 8. Nxe5 Bxe5 9. d4 cxd4 10. exd4 Bc7 11. Bb5+ Kf8 12. Qf3 Be6 13. Ne2 a6 14. Bd3 f6 15. Bf4 Rc8 16. Rae1 Kg7 17. Bxc7 Rxc7 18. Nf4 Bf7 19. Ne6+ Bxe6 20. Rxe6 Rf7 21. Rfe1 Ne7 22. c3 Qc7 23. R1e3 Rhf8 24. Bc2 Rd8 25. Qe2 Nc6 26. Bb3 Na5 27. Re7 Rd7 28. Rxf7+ Kxf7 29. Re8 Nxb3 30. Qe6+ Kg7 31. axb3 f5 32. g3 h5 33. Kg2 Rf7 34. Qxd5 Kh7 35. Qe5 Qxe5 36. Rxe5 Kg7 37. d5 Rd7 38. c4 Kf6 39. Re6+ Kf7 40. h4 b5 41. Rxa6 bxc4 42. bxc4 Rb7 43. c5 Rxb2+ 44. Kf3 Rb3+ 45. Kf4 Rb4+ 46. Ke5 Re4+ 47. Kd6 f4 48. Ra7+ Kf6 49. gxf4 1-0

[Event "Hillerod Spar Nord op"]
[Site "Hillerod"]
[Date "2016.10.25"]
[Round "7"]
[White "Kuhn, Morten"]
[Black "Steenstrup, Svend"]
[Result "0-1"]
[WhiteElo "1882"]
[BlackElo "1843"]
[PlyCount "72"]
[EventDate "2016.09.13"]
[EventType "swiss"]
[EventRounds "7"]
[EventCountry "DEN"]
[SourceTitle "EXT 2024"]
[Source "ChessBase"]
[SourceDate "2023.10.10"]
[SourceVersion "1"]
[SourceVersionDate "2023.10.10"]
[SourceQuality "1"]

1. e4 d5 2. exd5 Qxd5 3. Nc3 Qd6 4. d4 Nf6 5. Nf3 a6 6. Ne5 Nc6 7. Bf4 Nxd4 8. Bc4 Ne6 9. Bxe6 Bxe6 10. Qf3 Bd5 11. Nxd5 Qxd5 12. 0-0 Qxf3 13. Nxf3 Nd5 14. Bg3 c6 15. c4 Nb6 16. b3 f6 17. Nd4 Kf7 18. Rad1 e5 19. Nf5 Ke6 20. Ne3 Bc5 21. Nc2 a5 22. Rd3 h5 23. h3 h4 24. Bh2 g5 25. Rfd1 Rh7 26. Kf1 Rd7 27. Rxd7 Nxd7 28. Ke2 f5 29. f3 b5 30. cxb5 cxb5 31. Ne3 Nb6 32. Nc2 Nd5 33. Kd2 Nf4 34. Re1 Rd8+ 35. Kc3 Rd3+ 36. Kb2 Rd2 0-1

[Event "Hillerod Spar Nord op"]
[Site "Hillerod"]
[Date "2016.10.25"]
[Round "6"]
[White "Oland, Arne"]
[Black "Kuhn, Morten"]
[Result "0-1"]
[WhiteElo "1888"]
[BlackElo "1882"]
[PlyCount "112"]
[EventDate "2016.09.13"]
[EventType "swiss"]
[EventRounds "7"]
[EventCountry "DEN"]
[SourceTitle "EXT 2024"]
[Source "ChessBase"]
[SourceDate "2023.10.10"]
[SourceVersion "1"]
[SourceVersionDate "2023.10.10"]
[SourceQuality "1"]

1. d4 Nf6 2. Nf3 d5 3. g3 g6 4. Bg2 Bg7 5. Nc3 0-0 6. 0-0 c5 7. dxc5 Nc6 8. Re1 d4 9. Nb5 e5 10. b4 Nd5 11. a3 e4 12. Ng5 a6 13. Nd6 Nc3 14. Qd2 e3 15. fxe3 Qxg5 16. Qd3 Ne5 17. Qxd4 Nf3+ 18. Bxf3 Bxd4 19. exd4 Qe7 20. Bd2 a5 21. b5 f5 22. Bf4 Ne4 23. c4 Nxd6 24. cxd6 Qf7 25. Rac1 Be6 26. d5 Bd7 27. a4 b6 28. c5 bxc5 29. Rxc5 Qf6 30. Rc7 Rf7 31. h4 Qd4+ 32. Kg2 Rb8 33. e4 fxe4 34. Rxe4 Qf6 35. Re3 Qf5 36. Re7 Re8 37. Rcxd7 Qxd7 38. Rxd7 Rxd7 39. Bg4 Rdd8 40. Be6+ Kg7 41. Be5+ Kf8 42. Bf4 Kg7 43. d7 Rf8 44. b6 Rxf4 45. gxf4 Kf6 46. Bg4 Ke7 47. b7 Kd6 48. Kf3 Kxd5 49. Ke3 Kc6 50. Kd4 Kxb7 51. Kc5 Kc7 52. Kd5 Rb8 53. Ke6 Kd8 54. h5 Rb4 55. hxg6 hxg6 56. Ke5 g5 0-1

[Event "Hillerod Spar Nord op"]
[Site "Hillerod"]
[Date "2016.10.01"]
[Round "3"]
[White "Kuhn, Morten"]
[Black "Andersen, Soren Bull"]
[Result "0-1"]
[WhiteElo "1882"]
[BlackElo "2064"]
[PlyCount "78"]
[EventDate "2016.09.13"]
[EventType "swiss"]
[EventRounds "7"]
[EventCountry "DEN"]
[SourceTitle "EXT 2024"]
[Source "ChessBase"]
[SourceDate "2023.10.10"]
[SourceVersion "1"]
[SourceVersionDate "2023.10.10"]
[SourceQuality "1"]

1. d4 d6 2. e4 Nf6 3. Nc3 c6 4. f4 Qa5 5. Bd3 e5 6. Nf3 Bg4 7. Be3 Nbd7 8. h3 exd4 9. Bxd4 Bxf3 10. Qxf3 Be7 11. 0-0 0-0 12. a3 Rfe8 13. g4 Nf8 14. b4 Qd8 15. Bc4 Ne6 16. Be3 a5 17. Rad1 axb4 18. axb4 Qc7 19. f5 Nd8 20. g5 Nd7 21. Qg3 Ne5 22. Bb3 Ra3 23. Bd4 Rxb3 24. cxb3 f6 25. h4 Ndf7 26. Rc1 fxg5 27. Nd5 Qd7 28. Nxe7+ Qxe7 29. hxg5 Qxg5 30. Rc3 Qf6 31. Rd1 Ng5 32. Re3 h5 33. Bxe5 Rxe5 34. Rd4 h4 35. Qf4 Ne6 36. Qf1 Nxd4 37. Qc4+ Ne6 38. fxe6 Rg5+ 39. Kh1 Qa1+ 0-1

[Event "Hillerod Byturnering A"]
[Site "Hillerod"]
[Date "2016.06.14"]
[Round "6"]
[White "Kuhn, Morten"]
[Black "Petersen, Peter Birk"]
[Result "0-1"]
[WhiteElo "1904"]
[BlackElo "2191"]
[PlyCount "47"]
[EventDate "2016.04.26"]
[EventType "tourn"]
[EventRounds "7"]
[EventCountry "DEN"]
[SourceTitle "EXT 2024"]
[Source "ChessBase"]
[SourceDate "2023.10.10"]
[SourceVersion "1"]
[SourceVersionDate "2023.10.10"]
[SourceQuality "1"]

1. e4 g6 2. d4 Bg7 3. Nc3 d6 4. f4 Nf6 5. e5 dxe5 6. fxe5 Nd5 7. Bc4 Be6 8. Qf3 c6 9. Nge2 0-0 10. Bxd5 cxd5 11. g4 Nc6 12. Be3 f6 13. exf6 Bxf6 14. Qg3 Qd7 15. Rg1 g5 16. Bxg5 Bxg5 17. h4 Bf6 18. g5 Bg7 19. h5 Nxd4 20. 0-0-0 Nxe2+ 21. Nxe2 Bf5 22. h6 Qa4 23. Qb3 Qxb3 24. axb3 0-1

[Event "Hillerod Byturnering A"]
[Site "Hillerod"]
[Date "2016.05.24"]
[Round "4"]
[White "Tandrup, Michael"]
[Black "Kuhn, Morten"]
[Result "1-0"]
[WhiteElo "1961"]
[BlackElo "1904"]
[PlyCount "73"]
[EventDate "2016.04.26"]
[EventType "tourn"]
[EventRounds "7"]
[EventCountry "DEN"]
[SourceTitle "EXT 2024"]
[Source "ChessBase"]
[SourceDate "2023.10.10"]
[SourceVersion "1"]
[SourceVersionDate "2023.10.10"]
[SourceQuality "1"]

1. Nf3 d5 2. g3 Nf6 3. Bg2 c6 4. 0-0 Bg4 5. c4 Nbd7 6. d4 Bxf3 7. Bxf3 e6 8. Nd2 h5 9. e4 dxe4 10. Nxe4 Nxe4 11. Bxe4 Nf6 12. Bg5 Be7 13. Bf3 h4 14. Qb3 Qd7 15. Rfd1 hxg3 16. hxg3 Bd6 17. d5 exd5 18. Bxf6 gxf6 19. Re1+ Kd8 20. cxd5 c5 21. Qc3 Rh6 22. Re3 b6 23. Rae1 Rc8 24. Re8+ Kc7 25. Rxc8+ Kxc8 26. Qe3 Rh8 27. Bg2 Kb8 28. b3 Be5 29. d6 a5 30. Qe4 Ka7 31. a3 Rb8 32. b4 Qxd6 33. Qc4 Qc7 34. Rd1 a4 35. Qb5 Rb7 36. Bxb7 Kxb7 37. Rd7 1-0

[Event "Hillerod CC-ch A"]
[Site "Hillerod"]
[Date "2016.04.04"]
[Round "9"]
[White "Andersen, Soren Bull"]
[Black "Kuhn, Morten"]
[Result "1-0"]
[WhiteElo "2078"]
[BlackElo "1856"]
[PlyCount "29"]
[EventDate "2016.01.05"]
[EventType "tourn"]
[EventRounds "9"]
[EventCountry "DEN"]
[SourceTitle "EXT 2024"]
[Source "ChessBase"]
[SourceDate "2023.10.10"]
[SourceVersion "1"]
[SourceVersionDate "2023.10.10"]
[SourceQuality "1"]

1. d4 d5 2. c4 c6 3. cxd5 cxd5 4. Nc3 Nf6 5. Bf4 Nc6 6. e3 Bg4 7. Qb3 Qd7 8. h3 Bf5 9. g4 Bg6 10. Nf3 Rc8 11. Ne5 Nxe5 12. dxe5 Ng8 13. Bb5 Rc6 14. Bxc6 bxc6 15. Qb8+ 1-0

[Event "Hillerod CC-ch A"]
[Site "Hillerod"]
[Date "2016.03.15"]
[Round "7"]
[White "Andersen, Ib Hother"]
[Black "Kuhn, Morten"]
[Result "1-0"]
[WhiteElo "2128"]
[BlackElo "1856"]
[PlyCount "53"]
[EventDate "2016.01.05"]
[EventType "tourn"]
[EventRounds "9"]
[EventCountry "DEN"]
[SourceTitle "EXT 2024"]
[Source "ChessBase"]
[SourceDate "2023.10.10"]
[SourceVersion "1"]
[SourceVersionDate "2023.10.10"]
[SourceQuality "1"]

1. Nf3 Nf6 2. g3 d5 3. Bg2 Bg4 4. c4 Nbd7 5. cxd5 Nxd5 6. d4 c6 7. e4 N5f6 8. Nc3 e6 9. 0-0 Be7 10. Be3 Nb6 11. Qb3 Bxf3 12. Bxf3 h5 13. h3 Nfd7 14. Bg2 c5 15. Rad1 c4 16. Qc2 Qc7 17. d5 exd5 18. exd5 a6 19. Ne4 Nc8 20. b3 Ndb6 21. Rfe1 0-0 22. Bf4 Nd6 23. Rc1 Rac8 24. Qe2 h4 25. Qh5 hxg3 26. Bxg3 Qd8 27. Bxd6 1-0

[Event "Hillerod CC-ch A"]
[Site "Hillerod"]
[Date "2016.02.14"]
[Round "4"]
[White "Kuhn, Morten"]
[Black "Oland, Arne"]
[Result "1-0"]
[WhiteElo "1856"]
[BlackElo "1952"]
[PlyCount "121"]
[EventDate "2016.01.05"]
[EventType "tourn"]
[EventRounds "9"]
[EventCountry "DEN"]
[SourceTitle "EXT 2024"]
[Source "ChessBase"]
[SourceDate "2023.10.10"]
[SourceVersion "1"]
[SourceVersionDate "2023.10.10"]
[SourceQuality "1"]

1. e4 e6 2. d4 d5 3. Nc3 Bb4 4. e5 c5 5. Qg4 Kf8 6. Nf3 Nc6 7. a3 Bxc3+ 8. bxc3 Qa5 9. Bd2 Qa4 10. Be2 c4 11. Bd1 Nge7 12. Nh4 Ng6 13. f4 Nce7 14. Nxg6+ hxg6 15. Qg5 Bd7 16. 0-0 Qa5 17. Be1 Nf5 18. Bf3 Ba4 19. Ra2 Qb6 20. Bf2 Qd8 21. Rb2 Qxg5 22. fxg5 Bc6 23. g4 Nh4 24. Be2 b6 25. Bg3 Ke7 26. Rb4 Raf8 27. Rf2 Rh7 28. Kf1 f6 29. exf6+ gxf6 30. gxf6+ Rxf6 31. Rxf6 Kxf6 32. Be5+ Kg5 33. Kf2 Kh6 34. Bf4+ g5 35. Be3 Rf7+ 36. Kg3 Ng6 37. Rb1 Ba4 38. h4 Nxh4 39. Rh1 Kg6 40. Bd1 Rh7 41. Rf1 Rf7 42. Rxf7 Kxf7 43. Bxg5 Ng6 44. Bf4 Bd7 45. Bb8 a6 46. Bc7 b5 47. g5 e5 48. dxe5 Bf5 49. Bh5 Ke6 50. Bg4 Nxe5 51. Bxf5+ Kxf5 52. Bxe5 Kxe5 53. g6 Kf6 54. Kf4 Kxg6 55. Ke5 Kg5 56. Kxd5 Kf5 57. Kc5 Ke5 58. Kb6 Kd6 59. Kxa6 Kc6 60. Ka5 Kc5 61. a4 1-0